[Event "Agzamov Memorial 03rd"]
[Site "Tashkent"]
[Date "2009.03.18"]
[Round "3"]
[White "Mustafaev, Khurshed"]
[Black "Kotsur, Pavel"]
[Result "1/2-1/2"]
[WhiteElo "2319"]
[BlackElo "2563"]
[PlyCount "51"]
[EventDate "2009.03.15"]
[EventType "swiss"]
[EventRounds "9"]
[EventCountry "UZB"]
[SourceTitle "CBM 129 Extra"]
[Source "ChessBase"]
[SourceDate "2009.05.05"]
[SourceVersion "2"]
[SourceVersionDate "2009.05.20"]
[SourceQuality "1"]

1. e4 e5 2. Nf3 Nc6 3. Bb5 a6 4. Ba4 Nf6 5. 0-0 Be7 6. Re1 d6 7. c3 Bg4 8. d3 Nd7 9. h3 Bxf3 10. Qxf3 0-0 11. Be3 Bg5 12. Nd2 Nc5 13. Bc2 Ne6 14. g3 g6 15. Nf1 Ng7 16. Bxg5 Qxg5 17. Qe3 Qh5 18. Kg2 g5 19. Qe2 Qxe2 20. Rxe2 f5 21. exf5 Nxf5 22. Ne3 Nce7 23. Rd1 Nxe3+ 24. Rxe3 Nf5 25. Re2 Rad8 26. d4 1/2-1/2

[Event "UZB-ch U20"]
[Site "Tashkent"]
[Date "2008.09.25"]
[Round "7"]
[White "Kasyan, Aleksandr"]
[Black "Mustafaev, Khurshed"]
[Result "1-0"]
[WhiteElo "2311"]
[BlackElo "2320"]
[PlyCount "111"]
[EventDate "2008.09.19"]
[EventType "tourn"]
[EventRounds "13"]
[EventCountry "UZB"]
[SourceTitle "CBM 126 Extra"]
[Source "ChessBase"]
[SourceDate "2008.11.05"]
[SourceVersion "1"]
[SourceVersionDate "2008.11.05"]
[SourceQuality "1"]

1. d4 d5 2. c4 e6 3. Nc3 Nf6 4. cxd5 exd5 5. Bg5 Be7 6. e3 c6 7. Qc2 0-0 8. Bd3 Nbd7 9. Nf3 Re8 10. 0-0 Nf8 11. h3 Ne4 12. Bf4 Nxc3 13. bxc3 c5 14. dxc5 Bxc5 15. c4 dxc4 16. Bxc4 Qe7 17. Ng5 Be6 18. Bxe6 fxe6 19. Ne4 Rac8 20. Qb3 b6 21. Rac1 Ba3 22. Rb1 h6 23. Qa4 Red8 24. Rb3 Bc5 25. Qa6 Ng6 26. Bg3 Qd7 27. Rc1 Be7 28. Rcb1 Qc6 29. Nc3 Bf6 30. Nb5 Qc2 31. Nxa7 Rd1+ 32. Rxd1 Qxd1+ 33. Qf1 Qxf1+ 34. Kxf1 Rc1+ 35. Ke2 Rc2+ 36. Kf3 Rxa2 37. Nc8 h5 38. Rxb6 h4 39. Bb8 Rc2 40. Na7 Kf7 41. Nb5 Be5 42. Bxe5 Nxe5+ 43. Ke4 Ng6 44. Rb7+ Kf8 45. Nd4 Rc4 46. f4 Ra4 47. Kf3 Ra6 48. Rb5 Kf7 49. Rc5 Kf6 50. Rc6 Rxc6 51. Nxc6 e5 52. Nxe5 Nxe5+ 53. fxe5+ Kxe5 54. e4 g6 55. Ke3 g5 56. Kf3 1-0

[Event "UZB-ch U20"]
[Site "Tashkent"]
[Date "2008.09.21"]
[Round "3"]
[White "Mustafaev, Khurshed"]
[Black "Faizulaev, Akmal"]
[Result "1-0"]
[WhiteElo "2320"]
[BlackElo "2321"]
[PlyCount "105"]
[EventDate "2008.09.19"]
[EventType "tourn"]
[EventRounds "13"]
[EventCountry "UZB"]
[SourceTitle "CBM 126 Extra"]
[Source "ChessBase"]
[SourceDate "2008.11.05"]
[SourceVersion "1"]
[SourceVersionDate "2008.11.05"]
[SourceQuality "1"]

1. d4 Nf6 2. Nf3 g6 3. Bg5 Bg7 4. Nbd2 0-0 5. c3 d6 6. e4 c5 7. dxc5 dxc5 8. Be2 Nc6 9. 0-0 Qc7 10. Qc2 b6 11. Rfd1 Bb7 12. Ne1 Rad8 13. Be3 Rd7 14. f3 Nh5 15. g3 f5 16. exf5 Rxf5 17. g4 Re5 18. Nc4 Rxd1 19. Rxd1 Rxe3 20. Nxe3 Nf4 21. Bc4+ e6 22. Qd2 Bf8 23. Qd7 Qe5 24. N3g2 Na5 25. Nxf4 Qe3+ 26. Kh1 Bxf3+ 27. Nfg2 Nxc4 28. Nxf3 Qxf3 29. Qxe6+ Kh8 30. Qd5 Qxd5 31. Rxd5 Nxb2 32. Nf4 Kg7 33. Rd7+ Kf6 34. Rxa7 Ke5 35. Rxh7 Kxf4 36. Rf7+ Kxg4 37. Rxf8 Na4 38. Rf6 Kg5 39. Rf3 b5 40. Kg2 Kh4 41. Kf2 g5 42. h3 Nb2 43. Ke2 Nc4 44. Rf5 Nb6 45. Kd2 Na4 46. Rf3 Nb2 47. Rf5 Na4 48. Kc2 b4 49. cxb4 cxb4 50. Kb3 Nc3 51. a4 Ne4 52. Kxb4 Kxh3 53. Re5 1-0

[Event "UZB-ch 1st League"]
[Site "Bukhara"]
[Date "2008.04.07"]
[Round "2"]
[White "Gubaydulin, Talgat"]
[Black "Mustafaev, Khurshed"]
[Result "1/2-1/2"]
[WhiteElo "2213"]
[BlackElo "2306"]
[PlyCount "96"]
[EventDate "2008.04.06"]
[EventType "tourn"]
[EventRounds "11"]
[EventCountry "UZB"]
[EventCategory "1"]
[SourceTitle "EXT 2015"]
[Source "ChessBase"]
[SourceDate "2014.11.20"]
[SourceVersion "1"]
[SourceVersionDate "2014.11.20"]
[SourceQuality "1"]

1. e4 e5 2. Nf3 Nc6 3. Bb5 a6 4. Ba4 Nf6 5. 0-0 d6 6. Re1 Bd7 7. c3 b5 8. Bb3 Be7 9. d4 0-0 10. Nbd2 h6 11. Nf1 Nh7 12. a4 Rb8 13. axb5 Rxb5 14. Rxa6 Qc8 15. Ra2 exd4 16. Nxd4 Nxd4 17. cxd4 Qb7 18. Ba4 Ra5 19. Bc6 Bxc6 20. Rxa5 Bf6 21. d5 Bd7 22. Ra3 Re8 23. Qb3 Qc8 24. Qc4 Nf8 25. Ra7 Bd8 26. Qa6 Qxa6 27. Rxa6 Bb5 28. Ra8 Nd7 29. Be3 Kf8 30. Bd4 c5 31. Bc3 Bd3 32. Re3 Bc2 33. Ng3 g6 34. Re2 Bd3 35. Re1 h5 36. f3 Nb6 37. Rb8 Na4 38. Bd2 c4 39. Bh6+ Kg8 40. Be3 Rf8 41. b3 Ba5 42. Rxf8+ Kxf8 43. b4 Bxb4 44. Ra1 Nc5 45. Ra8+ Ke7 46. Ra7+ Ke8 47. Ra8+ Ke7 48. Ra7+ Ke8 1/2-1/2

[Event "Agzamov Memorial 02nd"]
[Site "Tashkent"]
[Date "2008.03.26"]
[Round "7"]
[White "Mustafaev, Khurshed"]
[Black "Saidov, Beqali"]
[Result "1/2-1/2"]
[WhiteElo "2299"]
[BlackElo "2329"]
[PlyCount "103"]
[EventDate "2008.03.18"]
[EventType "swiss"]
[EventRounds "9"]
[EventCountry "UZB"]
[SourceTitle "CBM 123 Extra"]
[Source "ChessBase"]
[SourceDate "2008.05.06"]
[SourceVersion "1"]
[SourceVersionDate "2008.05.06"]
[SourceQuality "1"]

1. c4 Nf6 2. Nf3 e6 3. g3 d5 4. d4 c5 5. Bg2 Nc6 6. cxd5 exd5 7. 0-0 Be7 8. Nc3 Ne4 9. Nxe4 dxe4 10. Ne5 Nxd4 11. e3 Nf3+ 12. Bxf3 exf3 13. Qa4+ Kf8 14. e4 f6 15. Nxf3 Qd3 16. Ne1 Qe2 17. Ng2 b5 18. Qa5 Qxe4 19. Qxb5 Bb7 20. f3 Qb4 21. Qxb4 cxb4 22. Be3 Kf7 23. Rac1 Rhc8 24. Kf2 a5 25. Nf4 g5 26. Ne2 Bd5 27. b3 a4 28. Rcd1 Ra5 29. Bb6 Bc5+ 30. Bxc5 Rcxc5 31. Rd2 axb3 32. axb3 Bxb3 33. Rb1 Ra3 34. Nd4 Bd5 35. Rxb4 Bxf3 36. Nb5 Rxb5 37. Rxb5 Kg6 38. Rdb2 Be4 39. R5b3 Ra1 40. Ke3 f5 41. g4 Re1+ 42. Kf2 Rh1 43. gxf5+ Kxf5 44. Rh3 Kg4 45. Rh6 Bg6 46. Rb4+ Kf5 47. Rh3 g4 48. Kg2 Rc1 49. Ra3 Kg5 50. Kg3 Bf5 51. Rxg4+ Bxg4 52. h4+ 1/2-1/2

[Event "Wch U16"]
[Site "Kemer"]
[Date "2007.11.19"]
[Round "2"]
[White "Mustafaev, Khurshed"]
[Black "Khandelwal, Ankush"]
[Result "1-0"]
[WhiteElo "2293"]
[BlackElo "2141"]
[PlyCount "49"]
[EventDate "2007.11.18"]
[EventType "swiss"]
[EventRounds "11"]
[EventCountry "TUR"]
[SourceTitle "CBM 121 Extra"]
[Source "ChessBase"]
[SourceDate "2008.01.10"]
[SourceVersion "1"]
[SourceVersionDate "2008.01.10"]
[SourceQuality "1"]

1. e4 e5 2. Nf3 Nc6 3. Bb5 Bc5 4. c3 Nf6 5. 0-0 0-0 6. d4 Bb6 7. Bg5 h6 8. Bh4 d6 9. Qd3 Bd7 10. Nbd2 Re8 11. Rfe1 exd4 12. cxd4 Nb4 13. Qc4 Bxb5 14. Qxb4 Ba6 15. Qc3 Qd7 16. Bxf6 gxf6 17. Nh4 Kh7 18. Nf5 Rg8 19. Re3 Rg5 20. Rh3 Rxf5 21. exf5 Qxf5 22. Qe3 h5 23. Ne4 Kg7 24. Rg3+ Kf8 25. Re1 1-0

[Event "World ol U16 06th"]
[Site "Singapore"]
[Date "2007.08.08"]
[Round "7"]
[White "Darini, Pouria"]
[Black "Mustafaev, Khurshed"]
[Result "0-1"]
[WhiteElo "2183"]
[BlackElo "2268"]
[PlyCount "112"]
[EventDate "2007.08.05"]
[EventType "team-swiss"]
[EventRounds "10"]
[EventCountry "SIN"]
[SourceTitle "EXT 2008"]
[Source "ChessBase"]
[SourceDate "2007.11.25"]
[SourceVersion "1"]
[SourceVersionDate "2007.11.25"]
[SourceQuality "1"]

1. e4 c5 2. b3 Nc6 3. Bb2 e5 4. f4 exf4 5. Bc4 Qh4+ 6. Kf1 d6 7. Nf3 Qh5 8. Nc3 Bg4 9. Nd5 0-0-0 10. Nxf4 Qh6 11. Nd3 Be7 12. Nf2 Bd7 13. a3 f5 14. e5 dxe5 15. Nxe5 Nxe5 16. Bxe5 Bd6 17. Bxd6 Qxd6 18. Qf3 Nf6 19. Qd3 Qf4 20. Qe3 Qxe3 21. dxe3 Rhe8 22. Re1 Re7 23. Bd3 Rde8 24. Ke2 Rxe3+ 25. Kd2 Rxe1 26. Rxe1 Rxe1 27. Kxe1 Kc7 28. Ke2 Kd6 29. g3 Ke5 30. c3 g5 31. Bc2 b6 32. Nd3+ Kd6 33. Nf2 Ke6 34. Bd3 Bc6 35. Bc2 h6 36. Ke3 f4+ 37. gxf4 Nd5+ 38. Kd2 Nxf4 39. Ng4 h5 40. Ne3 g4 41. b4 Kf6 42. Bb3 Ng2 43. Nd5+ Ke5 44. Ne7 Bb7 45. bxc5 bxc5 46. Ng6+ Kd6 47. Bc2 Bf3 48. Nh8 Ke5 49. Ng6+ Kf6 50. Nf8 h4 51. Nd7+ Kg5 52. Nxc5 h3 53. Ne6+ Kf6 54. Nd4 Nh4 55. Nxf3 Nxf3+ 56. Ke2 g3 0-1

[Event "World ol U16 06th"]
[Site "Singapore"]
[Date "2007.08.06"]
[Round "2"]
[White "De Silwa, N Rashin"]
[Black "Mustafaev, Khurshed"]
[Result "0-1"]
[WhiteElo "2018"]
[BlackElo "2268"]
[PlyCount "94"]
[EventDate "2007.08.05"]
[EventType "team-swiss"]
[EventRounds "10"]
[EventCountry "SIN"]
[SourceTitle "EXT 2008"]
[Source "ChessBase"]
[SourceDate "2007.11.25"]
[SourceVersion "1"]
[SourceVersionDate "2007.11.25"]
[SourceQuality "1"]

1. e4 c5 2. Nf3 d6 3. d4 cxd4 4. Nxd4 Nf6 5. Nc3 a6 6. Be2 e6 7. 0-0 Be7 8. Be3 0-0 9. Qd2 Qc7 10. f4 b5 11. a3 Bb7 12. Bf3 Nbd7 13. g4 Nb6 14. g5 Nc4 15. Qf2 Nd7 16. Nd1 Nxe3 17. Nxe3 Qb6 18. Rad1 Rfe8 19. Kh1 Bf8 20. Qg2 Rad8 21. Rg1 g6 22. Ng4 Bg7 23. Ne2 Re7 24. c3 Kh8 25. Rd2 e5 26. Rgd1 Nc5 27. b4 Ne6 28. f5 gxf5 29. exf5 e4 30. Bxe4 Nf4 31. Bxb7 Nxg2 32. Bxg2 Be5 33. f6 Ree8 34. Bd5 Rd7 35. h4 h5 36. gxh6 Rg8 37. Bf3 Rxg4 38. Bxg4 Rd8 39. Nd4 Rg8 40. Rg2 Qd8 41. h7 Kxh7 42. Bf5+ Kh8 43. Rg5 Qa8+ 44. Kg1 Bxf6 45. Rxg8+ Qxg8+ 46. Kh2 Be5+ 47. Kh1 Qg3 0-1

[Event "UZB-ch 1st League"]
[Site "Tashkent"]
[Date "2007.04.10"]
[Round "6"]
[White "Rustamov, Alisher"]
[Black "Mustafaev, Khurshed"]
[Result "0-1"]
[WhiteElo "2325"]
[BlackElo "2284"]
[PlyCount "108"]
[EventDate "2007.04.05"]
[EventType "tourn"]
[EventRounds "11"]
[EventCountry "UZB"]
[EventCategory "1"]
[SourceTitle "EXT 2015"]
[Source "ChessBase"]
[SourceDate "2014.11.20"]
[SourceVersion "1"]
[SourceVersionDate "2014.11.20"]
[SourceQuality "1"]

1. e4 e5 2. Nf3 Nc6 3. Bc4 Bc5 4. b4 Bxb4 5. c3 Ba5 6. d4 exd4 7. 0-0 Nge7 8. cxd4 d5 9. exd5 Nxd5 10. Qb3 Be6 11. Qxb7 Ndb4 12. Bb5 0-0 13. Bxc6 Rb8 14. Qxa7 Nxc6 15. Qc5 Bd5 16. Ba3 Re8 17. Nbd2 Re6 18. Rab1 Bb6 19. Qc3 Bxa2 20. Rb5 Ra8 21. Bc5 Ba5 22. Qd3 Bxd2 23. Nxd2 Bd5 24. Rb2 Qh4 25. Qg3 Rg6 26. Qxh4 Rxg2+ 27. Kh1 Rg4+ 28. f3 Rxh4 29. Rb7 Rc8 30. Re1 h6 31. Re3 Nxd4 32. Rb4 Nf5 33. Re5 Rxb4 34. Bxb4 Be6 35. Ne4 Nd4 36. Kg2 Nc6 37. Rb5 Nxb4 38. Rxb4 c5 39. Rb2 c4 40. Kf2 f5 41. Nc3 Rd8 42. Rc2 Kf7 43. Nb5 Kf6 44. h4 Bf7 45. Ra2 Rb8 46. Nc3 Rb3 47. Rc2 Ke5 48. Ke3 g5 49. hxg5 hxg5 50. Kf2 Kd4 51. Ne2+ Kc5 52. Ra2 Be8 53. Ra5+ Bb5 54. Ra8 Rxf3+ 0-1

[Event "Agzamov Memorial 01st"]
[Site "Tashkent"]
[Date "2007.03.23"]
[Round "9"]
[White "Ziatdinov, Raset"]
[Black "Mustafaev, Khurshed"]
[Result "0-1"]
[WhiteElo "2449"]
[BlackElo "2306"]
[PlyCount "72"]
[EventDate "2007.03.16"]
[EventType "swiss"]
[EventRounds "9"]
[EventCountry "UZB"]
[SourceTitle "CBM 117 Extra"]
[Source "ChessBase"]
[SourceDate "2007.05.09"]
[SourceVersion "1"]
[SourceVersionDate "2007.05.09"]
[SourceQuality "1"]

1. e4 c5 2. Nf3 d6 3. d4 cxd4 4. Nxd4 Nf6 5. Nc3 a6 6. Bg5 e6 7. f4 Be7 8. Qf3 Qc7 9. 0-0-0 Nbd7 10. Bd3 h6 11. Qh3 Rg8 12. Bh4 g5 13. fxg5 hxg5 14. Be1 Ne5 15. Kb1 Bd7 16. Qe3 Qc5 17. h3 0-0-0 18. Bf2 g4 19. Qe1 Qc7 20. h4 g3 21. Bxg3 Nh5 22. Nf5 Bf8 23. Be2 Nxg3 24. Nxg3 Bh6 25. Rh3 Kb8 26. Qf1 Bc6 27. Nh5 f5 28. Nf4 Qf7 29. exf5 Qxf5 30. g3 Bxf4 31. gxf4 Bg2 32. Qe1 Bxh3 33. fxe5 Qxe5 34. Qf2 d5 35. Bxa6 d4 36. Re1 dxc3 0-1

[Event "Agzamov Memorial 01st"]
[Site "Tashkent"]
[Date "2007.03.17"]
[Round "2"]
[White "Mustafaev, Khurshed"]
[Black "Iuldachev, Saidali"]
[Result "1/2-1/2"]
[WhiteElo "2306"]
[BlackElo "2517"]
[PlyCount "54"]
[EventDate "2007.03.16"]
[EventType "swiss"]
[EventRounds "9"]
[EventCountry "UZB"]
[SourceTitle "CBM 117 Extra"]
[Source "ChessBase"]
[SourceDate "2007.05.09"]
[SourceVersion "1"]
[SourceVersionDate "2007.05.09"]
[SourceQuality "1"]

1. Nf3 Nf6 2. g3 d5 3. Bg2 Bf5 4. c4 e6 5. 0-0 c6 6. d3 Be7 7. Qb3 Qb6 8. Qxb6 axb6 9. Nd4 Bg6 10. cxd5 Nxd5 11. Nd2 Nd7 12. Ne4 Nc5 13. Nc2 0-0 14. Bd2 Rfd8 15. Nxc5 bxc5 16. Ne3 Bf6 17. a4 Bxb2 18. Rab1 Bf6 19. Rxb7 Rxa4 20. Bf3 h6 21. Nc4 Ra2 22. Rfb1 Bc3 23. Bxc3 Nxc3 24. R1b2 Rxb2 25. Rxb2 f6 26. Na5 e5 27. Nxc6 Re8 1/2-1/2

[Event "UZB-ch U20"]
[Site "Tashkent"]
[Date "2006.09.25"]
[Round "9"]
[White "Kvon, Andrey"]
[Black "Mustafaev, Khurshed"]
[Result "1/2-1/2"]
[WhiteElo "2354"]
[BlackElo "2188"]
[PlyCount "141"]
[EventDate "2006.09.17"]
[EventType "tourn"]
[EventRounds "13"]
[EventCountry "UZB"]
[SourceTitle "EXT 2015"]
[Source "ChessBase"]
[SourceDate "2014.11.20"]
[SourceVersion "1"]
[SourceVersionDate "2014.11.20"]
[SourceQuality "1"]

1. e4 c5 2. Nf3 d6 3. d4 cxd4 4. Nxd4 Nf6 5. Nc3 a6 6. Be3 e6 7. g4 b5 8. g5 Nfd7 9. Bg2 Bb7 10. 0-0 Nc6 11. f4 Be7 12. Nf3 0-0 13. f5 Nde5 14. Nxe5 Nxe5 15. h4 Re8 16. fxe6 fxe6 17. Bd4 Qc7 18. Bxe5 dxe5 19. Qg4 Bc5+ 20. Kh1 Qe7 21. Rad1 Rad8 22. h5 Rxd1 23. Nxd1 Rf8 24. g6 Rxf1+ 25. Bxf1 hxg6 26. hxg6 Qf6 27. Bh3 Kf8 28. Nc3 b4 29. Ne2 Bc6 30. c3 a5 31. cxb4 axb4 32. Nc1 Qf2 33. Ne2 Bb5 34. Ng1 Qe1 35. Qf3+ Ke7 36. Qg4 Bd7 37. Kh2 Be3 38. Ne2 Qf2+ 39. Qg2 Qf6 40. Qg3 Bg5 41. a3 Bb5 42. Qg2 bxa3 43. bxa3 Qxg6 44. Kh1 Qf6 45. Nc3 Bc4 46. Bg4 Qf4 47. Qg1 Bd3 48. Qc5+ Kf7 49. Bxe6+ Kg6 50. Bf5+ Kh5 51. Qg1 g6 52. Qd1+ Kh6 53. Qxd3 Qc1+ 54. Kg2 gxf5 55. exf5 Qxa3 56. Qc4 Qb2+ 57. Kf3 Qd2 58. Qc6+ Kh7 59. Nd5 Qd1+ 60. Kg2 Qg4+ 61. Kh2 Qxf5 62. Qc7+ Kh6 63. Qc6+ Kh5 64. Qc4 Qf2+ 65. Kh1 Qf3+ 66. Kg1 e4 67. Qf1 Qg4+ 68. Kh2 Kg6 69. Qa6+ Kh5 70. Qf1 Bh4 71. Qf7+ 1/2-1/2

[Event "UZB-ch U20"]
[Site "Tashkent"]
[Date "2006.09.22"]
[Round "6"]
[White "Mustafaev, Khurshed"]
[Black "Kasyan, Aleksandr"]
[Result "1-0"]
[WhiteElo "2188"]
[BlackElo "2279"]
[PlyCount "67"]
[EventDate "2006.09.17"]
[EventType "tourn"]
[EventRounds "13"]
[EventCountry "UZB"]
[SourceTitle "EXT 2015"]
[Source "ChessBase"]
[SourceDate "2014.11.20"]
[SourceVersion "1"]
[SourceVersionDate "2014.11.20"]
[SourceQuality "1"]

1. e4 e6 2. d4 d5 3. Nd2 Nf6 4. e5 Nfd7 5. Bd3 c5 6. c3 Nc6 7. Ndf3 cxd4 8. cxd4 Qb6 9. Ne2 f6 10. exf6 Nxf6 11. 0-0 Bd6 12. b3 0-0 13. Bb2 Ng4 14. Ng3 g6 15. Qe2 Bf4 16. Ne5 Ngxe5 17. dxe5 Bd7 18. Rad1 Rf7 19. Nh1 Qc7 20. Rfe1 Bh6 21. g3 Qb6 22. h4 Raf8 23. Kg2 Rf3 24. Be4 dxe4 25. Rxd7 e3 26. fxe3 Nxe5 27. Bxe5 Qc6 28. Kh2 Qxd7 29. Bf4 Bxf4 30. Qxf3 Be5 31. Qe2 Rd8 32. Nf2 Qc6 33. Rd1 Rf8 34. Nd3 1-0

[Event "Olympiad U16 11th"]
[Site "Acri"]
[Date "2006.08.10"]
[Round "6"]
[White "Lomsadze, David"]
[Black "Mustafaev, Khurshed"]
[Result "0-1"]
[WhiteElo "2272"]
[BlackElo "2188"]
[PlyCount "133"]
[EventDate "2006.08.06"]
[EventType "team"]
[EventRounds "10"]
[EventCountry "TUR"]
[SourceTitle "EXT 2007"]
[Source "ChessBase"]
[SourceDate "2006.11.23"]
[SourceVersion "1"]
[SourceVersionDate "2006.11.23"]
[SourceQuality "1"]
[WhiteTeam "Georgia"]
[BlackTeam "Uzbekistan"]
[WhiteTeamCountry "GEO"]
[BlackTeamCountry "UZB"]

1. e4 e5 2. Nf3 Nc6 3. Bc4 Be7 4. 0-0 d6 5. d4 exd4 6. Nxd4 Nf6 7. Nc3 0-0 8. h3 Re8 9. Nxc6 bxc6 10. f4 Bf8 11. Bd3 Bb7 12. Qf3 Nd7 13. Bd2 g6 14. f5 Bg7 15. Rae1 Ne5 16. Qf2 a5 17. Ne2 c5 18. f6 Bf8 19. Ng3 Kh8 20. Be2 Ba6 21. Bxa6 Rxa6 22. h4 Rb6 23. Bc3 Bh6 24. h5 Re6 25. hxg6 hxg6 26. Ne2 Bg5 27. Qg3 Rxf6 28. Nf4 Rxf4 29. Rxf4 Bxf4 30. Qxf4 Kg7 31. Rf1 f6 32. g4 Qe7 33. Rf2 Rb8 34. Rh2 Rh8 35. Rxh8 Kxh8 36. Bxa5 Kg7 37. b3 Qd7 38. Bc3 Nxg4 39. a4 Ne5 40. Kg2 Kf7 41. a5 Qb5 42. Qd2 Ke7 43. Kf2 Qc6 44. Bxe5 fxe5 45. Qg5+ Kd7 46. Qg4+ Kd8 47. Qxg6 Kc8 48. Qg8+ Kb7 49. Qc4 Qa6 50. Qa4 Qc6 51. Qc4 Ka7 52. Ke1 Qa6 53. Qa4 Qb7 54. Kd2 Ka6 55. c3 Qb5 56. Qxb5+ Kxb5 57. b4 cxb4 58. cxb4 c5 59. bxc5 dxc5 60. Kc3 Kxa5 61. Kc4 Kb6 62. Kd5 Kb5 63. Kxe5 c4 64. Kf4 c3 65. Ke3 Kc4 66. e5 Kb3 67. Kd4 0-1

[Event "Olympiad U16 11th"]
[Site "Acri"]
[Date "2006.08.08"]
[Round "5"]
[White "Mustafaev, Khurshed"]
[Black "Premnath, Ramanathan"]
[Result "1-0"]
[WhiteElo "2188"]
[BlackElo "2195"]
[PlyCount "111"]
[EventDate "2006.08.06"]
[EventType "team"]
[EventRounds "10"]
[EventCountry "TUR"]
[SourceTitle "EXT 2007"]
[Source "ChessBase"]
[SourceDate "2006.11.23"]
[SourceVersion "1"]
[SourceVersionDate "2006.11.23"]
[SourceQuality "1"]
[WhiteTeam "Uzbekistan"]
[BlackTeam "India"]
[WhiteTeamCountry "UZB"]
[BlackTeamCountry "IND"]

1. e4 c5 2. Nf3 d6 3. Bb5+ Bd7 4. Bxd7+ Nxd7 5. b3 Ngf6 6. Qe2 g6 7. Bb2 Bg7 8. 0-0 0-0 9. d3 a6 10. Nc3 e5 11. Nd2 Re8 12. Nc4 Nb6 13. Qd2 Qc7 14. a4 Rad8 15. a5 Nc8 16. f4 Ne7 17. fxe5 dxe5 18. Qf2 Rf8 19. Na4 Nd7 20. Ncb6 Nxb6 21. axb6 Qd7 22. Ba3 Rde8 23. Qxc5 f5 24. Qc4+ Kh8 25. Nc5 Qc6 26. Ne6 Rf6 27. Qxc6 Nxc6 28. Nc7 Rc8 29. Nd5 Rf7 30. c4 Nd4 31. Rab1 Bf8 32. Bxf8 Rcxf8 33. Rb2 Kg7 34. b4 Rc8 35. c5 Rd7 36. Ne3 f4 37. Nc4 Kf6 38. Nd6 Rxd6 39. cxd6 Ke6 40. Kf2 Kxd6 41. Rd1 g5 42. g4 Rc3 43. h4 Kc6 44. hxg5 Kxb6 45. Rh1 Rxd3 46. Rxh7 Rg3 47. g6 Rxg4 48. g7 Kb5 49. Rb1 f3 50. Rg1 Rxe4 51. g8Q Re2+ 52. Kg3 b6 53. Qd5+ Kxb4 54. Rc7 Nf5+ 55. Kxf3 Re3+ 56. Kf2 1-0